|
|
|
|
| LEADER |
00822nam a2200205 i 4500 |
| 001 |
c000097687 |
| 003 |
CARM |
| 005 |
00000000000000.0 |
| 008 |
921112s1968 enk 0001 eng d |
| 019 |
1 |
|
|a 9667674
|5 LACONCORD2021
|
| 035 |
|
|
|a (OCoLC)18803887
|5 LACONCORD2021
|
| 100 |
1 |
|
|a Warren, John E.
|
| 245 |
1 |
0 |
|a Control instrument mechanisms /
|c by J. E. Warren ; With a specially written chapter for the guidance of the English reader by W. Oliver :
|b G3XT.
|
| 260 |
|
|
|a Slough, Bucks :
|b Foulsham-Sams,
|c 1968.
|
| 300 |
|
|
|a 1 v.
|
| 650 |
|
0 |
|a Automatic control.
|
| 700 |
1 |
|
|a Oliver, W.
|
| 852 |
8 |
|
|b CARM
|h A2:AH27D0
|i E00936
|p 0095461
|f BK
|
| 999 |
f |
f |
|i c52268c5-3414-56dd-9452-74a12ebca21b
|s f2668ad3-009c-57e7-b21a-29c8714163da
|
| 952 |
f |
f |
|p Can circulate
|a CAVAL
|b CAVAL
|c CAVAL
|d CARM 1 Store
|e E00936
|f A2:AH27D0
|h Other scheme
|i book
|m 0095461
|